Animal feeds, feeding, and nutrition and ration evaluation with CD-ROM / (Record no. 15831)

000 -LEADER
fixed length control field 00744cam a2200205 a 4500
020 ## - INTERNATIONAL STANDARD BOOK NUMBER
ISBN 9781401826406
020 ## - INTERNATIONAL STANDARD BOOK NUMBER
ISBN 1401826407
040 ## - CATALOGING SOURCE
Transcribing agency DLC
082 00 - DEWEY DECIMAL CLASSIFICATION NUMBER
Classification number 636 THO 2006 A090 Co.
100 1# - MAIN ENTRY--AUTHOR NAME
Personal name Tisch, David.
245 10 - TITLE STATEMENT
Title Animal feeds, feeding, and nutrition and ration evaluation with CD-ROM /
260 ## - PUBLICATION, DISTRIBUTION, ETC. (IMPRINT)
Place of publication Clifton Park, NY :
Name of publisher Thomson Delmar Learning,
Year of publication c2006.
300 ## - PHYSICAL DESCRIPTION
Number of Pages xviii, 491 p. :
Other physical details ills. ;
Dimensions 29 cm +
Accompanying material 1 CD-ROM (4 3/4 in.)
650 #0 - SUBJECT ADDED ENTRY--TOPICAL TERM
Topical Term Feeds
650 #0 - SUBJECT ADDED ENTRY--TOPICAL TERM
Topical Term Animal nutrition
856 42 - ELECTRONIC LOCATION AND ACCESS
Uniform Resource Identifier http://www.loc.gov/catdir/enhancements/fy1103/2005051182-b.html
856 42 - ELECTRONIC LOCATION AND ACCESS
Uniform Resource Identifier http://www.loc.gov/catdir/enhancements/fy1103/2005051182-d.html
856 41 - ELECTRONIC LOCATION AND ACCESS
Uniform Resource Identifier http://www.loc.gov/catdir/enhancements/fy1103/2005051182-t.html
942 ## - ADDED ENTRY ELEMENTS (KOHA)
Koha item type សៀវភៅភាសាអង់គ្លេស
952 ## - LOCATION AND ITEM INFORMATION (KOHA)
Withdrawn status [LOCAL, KOHA] 0
Holdings
Permanent Location Date acquired Koha item type Lost status Shelving location Barcode Current Location Full call number
Library Block A2017-12-13សៀវភៅភាសាអង់គ្លេស A090A13115Library Block A636 THO 2006 A090 Co.
មជ្ឈមណ្ឌលឯការនៃសាកលវិទ្យាល័យភូមិន្ទកសិកម្មចំការដូង

Powered by Koha